Normal view
MARC view
- Mishra, Savita
Entry Personal Name
001 - CONTROL NUMBER
- control field: 40217
003 - CONTROL NUMBER IDENTIFIER
- control field: OSt
005 - DATE AND TIME OF LATEST TRANSACTION
- control field: 20191007101846.0
008 - FIXED-LENGTH DATA ELEMENTS
- fixed length control field: 191007|| aca||aabn | a|a d
040 ## - CATALOGING SOURCE
- Original cataloging agency: OSt
- Transcribing agency: OSt
100 ## - HEADING--PERSONAL NAME
- Personal name: Mishra, Savita
670 ## - SOURCE DATA FOUND
- Source citation: Work cat.: (OSt): Mishra, Savita, Mathematical logic/, 2018.
